LEADER 01506nam 2200373 n 450 001 996390628603316 005 20200818224110.0 035 $a(CKB)4940000000100151 035 $a(EEBO)2240944419 035 $a(UnM)99831716e 035 $a(UnM)99831716 035 $a(EXLCZ)994940000000100151 100 $a19951023d1698 uy | 101 0 $alat 135 $aurbn||||a|bb| 200 10$aGulielmi Oughtred Ætonensis$b[electronic resource] $equondam collegii regalis in Cantabrigia socii, clavis mathematicæ denuo limata, sive potius fabricata. Cum aliis quibusdam ejusdem commentationibus, quæ in sequenti pagina recensentur. Editio quinta auctior & emendatior. Ex recognitione D. Johannis Wallis, S.T.D. Geometriæ professoris saviliani 210 $aOxoniæ $ctypis Leon. Lichfield: impensis Tho. Leigh ad insigne pavonis juxta ecclesiam S. Dunstani, Lond.$d1698 215 $a[16], 150 p. $cill. (woodcut) 300 $aWith a table of contents. 300 $aReproduction of the original in the British Library. 330 $aeebo-0018 606 $aAlgebra$xStudy and teaching$vEarly works to 1800 606 $aMathematics$vEarly works to 1800 615 0$aAlgebra$xStudy and teaching 615 0$aMathematics 700 $aOughtred$b William$f1575-1660.$0744583 801 0$bCu-RivES 801 1$bCu-RivES 801 2$bCStRLIN 801 2$bWaOLN 906 $aBOOK 912 $a996390628603316 996 $aGulielmi Oughtred Ætonensis$92411706 997 $aUNISA LEADER 01011nam a2200253 i 4500 001 991002964389707536 005 20021022144403.0 008 960610s1960 us ||| | eng 035 $ab11735004-39ule_inst 035 $aLE021FD223669$9ExL 040 $aDip. SSSC$bita 100 1 $aMili, Gjon$0529768 245 14$aThe magic of the opera :$ba picture memoir of the Metropolitan :$bwith a series of the contemporary photographs /$cby Gjon Mili ; text byMary Ellis Peltz ; design by Tina S. Fredericks 260 $aNew York :$bFrederick A. Praeger,$c1960 300 $a172 p. :$bin gran parte ill. 650 4$aOpera 700 1 $aPeltz, Mary Ellis 700 1 $aFredericks, Tina S. 907 $a.b11735004$b21-09-06$c24-10-02 912 $a991002964389707536 945 $aLE021FD MUS30A9$g1$iLE021FD-4428$lle023$nFondo D'Amico$o-$pE0.00$q-$rn$so $t0$u0$v0$w0$x0$y.i11974928$z24-10-02 996 $aMagic of the opera$9902863 997 $aUNISALENTO 998 $ale021$b10-06-96$cm$da $e-$feng$gus $h4$i1